Credit risk management : (Record no. 342762)

000 -LEADER
fixed length control field 01079 a2200289 4500
020 ## - INTERNATIONAL STANDARD BOOK NUMBER
International Standard Book Number 0852974515
020 ## - INTERNATIONAL STANDARD BOOK NUMBER
International Standard Book Number 9780852974513
090 ## - LOCALLY ASSIGNED LC-TYPE CALL NUMBER (OCLC); LOCAL CALL NUMBER (RLIN)
-- 188
-- 188
100 1# - MAIN ENTRY--PERSONAL NAME
Personal name Bankers, Chartered Institute of.
245 10 - TITLE STATEMENT
Title Credit risk management :
Remainder of title measuring credit risk /
Statement of responsibility, etc. Chartered Institute of Bankers.
260 ## - PUBLICATION, DISTRIBUTION, ETC.
Place of publication, distribution, etc. [S.l.] :
Name of publisher, distributor, etc. Chartered Institute of Bankers,
Date of publication, distribution, etc. 1998.
300 ## - PHYSICAL DESCRIPTION
Extent 180 p. ;
Dimensions 24 cm.
490 1# - SERIES STATEMENT
Series statement Risk management series: credit risk management.
500 ## - GENERAL NOTE
General note Paperback.
650 #4 - SUBJECT ADDED ENTRY--TOPICAL TERM
Topical term or geographic name entry element Finance & Accounting.
650 #4 - SUBJECT ADDED ENTRY--TOPICAL TERM
Topical term or geographic name entry element Credit & credit institutions.
650 #4 - SUBJECT ADDED ENTRY--TOPICAL TERM
Topical term or geographic name entry element Management decision making.
650 #4 - SUBJECT ADDED ENTRY--TOPICAL TERM
Topical term or geographic name entry element Reference works.
650 #4 - SUBJECT ADDED ENTRY--TOPICAL TERM
Topical term or geographic name entry element Business / Economics / Finance.
650 #4 - SUBJECT ADDED ENTRY--TOPICAL TERM
Topical term or geographic name entry element Business & Economics / Finance.
650 #4 - SUBJECT ADDED ENTRY--TOPICAL TERM
Topical term or geographic name entry element Finance.
650 #4 - SUBJECT ADDED ENTRY--TOPICAL TERM
Topical term or geographic name entry element Management.
830 #0 - SERIES ADDED ENTRY--UNIFORM TITLE
Uniform title Risk management series: credit risk management.
856 40 - ELECTRONIC LOCATION AND ACCESS
Materials specified Amazon.com
Uniform Resource Identifier <a href="http://www.amazon.com/exec/obidos/ASIN/0852974515/chopaconline-20">http://www.amazon.com/exec/obidos/ASIN/0852974515/chopaconline-20</a>
856 40 - ELECTRONIC LOCATION AND ACCESS
Materials specified Amazon customer reviews
Uniform Resource Identifier <a href="http://www.chopac.org/cgi-bin/tools/azrev.pl?q=0852974515">http://www.chopac.org/cgi-bin/tools/azrev.pl?q=0852974515</a>
942 ## - ADDED ENTRY ELEMENTS (KOHA)
Institution code [OBSOLETE] NBS
Koha item type Book
Call number prefix 658.15 COY
Holdings
Withdrawn status Lost status Damaged status Not for loan Permanent Location Current Location Date acquired Full call number Barcode Date last seen Price effective from Koha item type
        Central Library (CL) Central Library (CL) 08/28/2013 658.15 COY NBS5552 08/28/2013 08/28/2013 Reference
© 2023 Central Library, National University of Sciences and Technology. All Rights Reserved.